000 00293nam a2200121Ia 4500
008 190216s9999||||xx |||||||||||||| ||und||
100 _aAleyamma Thomas
245 0 _aTales Of Our Time
260 _bMacmillan India Ltd
_c1986
300 _a66p
650 _aEnglish Short Stories
942 _cBK
999 _c13437
_d13437